000 00354nam a22001457a 4500
005 20250910155841.0
008 250910b |||||||| |||| 00| 0 eng d
041 _aEng.
100 _aDhumal, K. N. & Sayyed, I.
245 _aHandbook of Phytochemistry ( S.Y.B.Sc. )
250 _a1st ed.
260 _aPune
_bNirali
300 _aR.1
942 _cBK
999 _c367748
_d367748